| 000 | 00914nmc a2200325 a 4500 | ||
|---|---|---|---|
| 003 | AR-BaBNM | ||
| 005 | 20251128205732.0 | ||
| 008 | 011101s1991 ||||||||||||||000 | spa|| | ||
| 020 | _a84-7738-060-0 | ||
| 040 | _cAR-BaBNM | ||
| 100 | 1 | _aFernández Sucasas, Josefa | |
| 245 | 1 | 0 | _aJuegos y pasatiempos para la enseñanza de la matemática elemental |
| 250 | _a1ª ed. | ||
| 260 |
_aMadrid _bSíntesis _c1991 |
||
| 300 | 0 |
_a168 p. _bil. |
|
| 490 | 0 |
_aMatemáticas: cultura y aprendizaje _vv. 32 |
|
| 504 | _aBibliografía p. 167-168 | ||
| 650 | 4 | _aMATEMATICA | |
| 650 | 4 | _aENSENANZA DE LAS MATEMATICAS | |
| 650 | 4 | _aNUMEROS | |
| 650 | 4 | _aJUEGOS EDUCATIVOS | |
| 650 | 4 | _aCALCULO | |
| 650 | 4 | _aSISTEMA METRICO | |
| 650 | 4 | _aSERIES MATEMATICAS | |
| 650 | 4 | _aGUIA DEL DOCENTE | |
| 653 | 0 | _aOPERACIONES MATEMATICAS | |
| 700 | 1 | _aRodríguez Vela, María Inés | |
| 942 | _cBK | ||
| 998 | _cCarmen | ||
| 999 |
_c12615 _d12615 |
||